Stanovenie diagnózy strategického podniku pre účely jeho hodnotenia
Stanovenie všeobecnej hodnoty podniku podnikateľkou metódou a jej zobjektívnenie vzhľadom na výsledky určenej diagnózy. Význam stanovenia diagnózy zvoleného podniku prostredníctvom dostupných diagnostických metód.
Salvato in:
| Autore principale: | |
|---|---|
| Altri autori: | |
| Natura: | Capitolo di libro |
| Lingua: | slovacco |
| Soggetti: | |
| Tags: |
Nessun Tag, puoi essere il primo ad aggiungerne!!
|
MARC
| LEADER | 00000nla a2200000 4500 | ||
|---|---|---|---|
| 001 | 0180021 | ||
| 005 | 20240502073048.2 | ||
| 041 | 0 | |a slo | |
| 044 | |a SK | ||
| 245 | 1 | 0 | |a Stanovenie diagnózy strategického podniku pre účely jeho hodnotenia |c Anna Neumannová |
| 520 | |a Stanovenie všeobecnej hodnoty podniku podnikateľkou metódou a jej zobjektívnenie vzhľadom na výsledky určenej diagnózy. Význam stanovenia diagnózy zvoleného podniku prostredníctvom dostupných diagnostických metód. | ||
| 610 | 2 | 0 | |a hodnota podniku |
| 610 | 2 | 0 | |a ohodnocovanie podniku |
| 610 | 2 | 0 | |a diagnostika podniková |
| 610 | 2 | 0 | |a prostredie podnikové |
| 610 | 2 | 0 | |a cyklus podniku životný |
| 100 | 1 | |a Neumannová, Anna | |
| 700 | 1 | |a Brezániová, Mária | |